书目信息 |
| 题名: |
运动休闲会所(俱乐部)运营管理
|
|
| 作者: | 孙雷鸣 , 单宇 主编 | |
| 分册: | ||
| 出版信息: | 北京 人民体育出版社 2012 |
|
| 页数: | 10,346页 | |
| 开本: | 21cm | |
| 丛书名: | ||
| 单 册: | ||
| 中图分类: | G243 , G243 | |
| 科图分类: | ||
| 主题词: | 俱乐部--运营管理--高等职业教育--教材 , 群众文化--文化事业 | |
| 电子资源: | ||
| ISBN: | 978-7-5009-4209-2 | |
| 000 | 01105nam0 2200301 450 | |
| 001 | 1634599115 | |
| 005 | 20160405093820.23 | |
| 010 | @a978-7-5009-4209-2@dCNY25.00 | |
| 090 | @aG243@bslm | |
| 096 | @aG243@bslm | |
| 100 | @a20120511d2012 em y0chiy50 ea | |
| 101 | 0 | @achi |
| 102 | @aCN@b110000 | |
| 105 | @aa z 000yy | |
| 106 | @ar | |
| 200 | 1 | @a运动休闲会所(俱乐部)运营管理@b专著@f孙雷鸣,单宇主编@Ayun dong xiu xian hui suo ju le bu yun ying guan li |
| 210 | @a北京@c人民体育出版社@d2012 | |
| 215 | @a10,346页@c图@d21cm | |
| 300 | @a体育高等职业教育教材 | |
| 330 | @a本书介绍了运动休闲会所(俱乐部)概论、运动休闲会所(俱乐部)治理结构、运动休闲会所(俱乐部)规划与筹建、运动休闲会所(俱乐部)会员管理与市场推广、运动休闲会所(俱乐部)设备维护与管理等内容。 | |
| 606 | 0 | @a俱乐部@x运营管理@x高等职业教育@j教材 |
| 606 | 0 | @a群众文化@x文化事业 |
| 690 | @aG243@v5 | |
| 690 | @aG243@v4 | |
| 701 | 0 | @a孙雷鸣@f(1969~)@4主编@Asun lei ming |
| 701 | 0 | @a单宇@c(女,@f1979~)@4主编@Ashan yu |
| 801 | 0 | @aCN@b大连网信软件有限公司图书馆·11@c20160405 |
| 905 | @aZUCC@dG243@et4 | |
| 运动休闲会所(俱乐部)运营管理/孙雷鸣,单宇主编.-北京:人民体育出版社,2012 |
| 10,346页:图;21cm |
| 体育高等职业教育教材 |
| ISBN 978-7-5009-4209-2:CNY25.00 |
| 本书介绍了运动休闲会所(俱乐部)概论、运动休闲会所(俱乐部)治理结构、运动休闲会所(俱乐部)规划与筹建、运动休闲会所(俱乐部)会员管理与市场推广、运动休闲会所(俱乐部)设备维护与管理等内容。 |
| ● |
| 相关链接 |
|
|
|
|
正题名:运动休闲会所(俱乐部)运营管理
索取号:G243/t4
 
预约/预借
| 序号 | 登录号 | 条形码 | 馆藏地/架位号 | 状态 | 备注 |
| 1 | 6940565 | 269405654 | 密集书库-体育系/ [索取号:G243/t4] | 在馆 | |
| 2 | 6940566 | 269405663 | 密集书库-体育系/ [索取号:G243/t4] | 在馆 |